CURSO ELEMENTAL DE ECONOMIA/

TRADUCCION DE: THE APPROACH TO ECONOMICS

שמור ב:
מידע ביבליוגרפי
מחבר ראשי: Scott, H.M (autor)
פורמט: ספר
נושאים:
תגים: הוספת תג
אין תגיות, היה/י הראשונ/ה לתייג את הרשומה!

MARC

LEADER 00000nam^a2200000^a^4500
001 000219777
005 20250521000000.0
009 20260310103824.873
035 |a 006423 
037 |a Acervo Xavier Clavigero 
082 |a 330.  |b SCO 
100 |a Scott, H.M.  |e (autor) 
245 1 0 |a CURSO ELEMENTAL DE ECONOMIA/  |c H.M. SCOTT; TR. JAVIER MARQUEZ 
264 |a MEXICO :  |b FONDO DE CULTURA ECONOMICA,  |c 1941 
300 |a 197p. 
336 |a texto  |b txt  |2 rdacontenido 
337 |a sin mediación  |b n  |2 rdamedio 
338 |a volumen  |b nc  |2 rdasoporte 
520 |a TRADUCCION DE: THE APPROACH TO ECONOMICS 
520 |a INCLUYE INDICES 
649 |a XX 
650 |a Economía 
910 |a Fondo General 
920 |a Impresos - Libros 
930 |a Colección General 
905 |a 101 
901 |a 006423  |b IT1  |c ACC  |i 006423  |u 20250521 
901 |a 033856  |b IT1  |c ACC  |i 033856  |u 20250521 
902 |a https://opac.biblio.iteso.mx/vufind/Record/000219777